| 000 | 01543cam a22003614a 4500 | ||
|---|---|---|---|
| 001 | 13822945 | ||
| 005 | 20201128013550.0 | ||
| 008 | 041222s2005 ne a b 001 0 eng | ||
| 010 | _a2004061900 | ||
| 020 | _a0120884364 (alk. paper) | ||
| 020 | _a9780120884360 | ||
| 040 |
_aDLC _cDLC _dDLC |
||
| 042 | _apcc | ||
| 050 | 0 | 0 |
_aQA76.9.U83 _bU835 2005 |
| 082 | 0 | 0 |
_a005.437 _222 _bSTO |
| 100 |
_92733 _aStone, Debbie |
||
| 245 | 0 | 0 |
_aUser Interface Design and Evaluation / _cDebbie Stone ... [et al.]. |
| 260 |
_aAmsterdam ; _aBoston, Mass. : _bElsevier : _bMorgan Kaufmann, _cc2005. |
||
| 300 |
_axxviii, 669 p. : _bill. (chiefly col.) ; _c24 cm. |
||
| 440 | 0 |
_aMorgan Kaufmann series in interactive technologies _92675 |
|
| 504 | _aIncludes bibliographical references (p. 631-640) and index. | ||
| 650 | 0 |
_aUser interfaces (Computer systems) _92676 |
|
| 655 |
_92194 _aHuman Computer Interaction- year 2. _vtext book _xComputer Science _ySemester 2. 2008/2009 |
||
| 700 | 1 |
_aStone, Debbie _92733 |
|
| 700 | 1 |
_aJarrett, Caroline _92730 |
|
| 700 | 1 |
_aWoodroffe, Mark _92731 |
|
| 700 | 1 |
_aMinocha, Shailey _92732 |
|
| 710 | 2 |
_aOpen University. _92678 |
|
| 856 | 4 | 2 |
_3Publisher description _uhttp://www.loc.gov/catdir/enhancements/fy0619/2004061900-d.html |
| 856 | 4 | 1 |
_3Table of contents only _uhttp://www.loc.gov/catdir/enhancements/fy0619/2004061900-t.html |
| 942 |
_2ddc _cBB |
||
| 999 |
_c11097 _d11097 |
||